UBT Library

Principles and practice of pediatric oncology / (Record no. 40830)

000 -LEADER
fixed length control field 00715pam a2200241 a 4500
001 - CONTROL NUMBER
control field 2506790
005 - DATE AND TIME OF LATEST TRANSACTION
control field 20180124040032.0
008 - FIXED-LENGTH DATA ELEMENTS--GENERAL INFORMATION
fixed length control field 920731s1993 paua b 001 0 eng c
010 ## - LIBRARY OF CONGRESS CONTROL NUMBER
LC control number 92049971
020 ## - INTERNATIONAL STANDARD BOOK NUMBER
International Standard Book Number 0397512074
040 ## - CATALOGING SOURCE
Original cataloging agency DNLM/DLC
Transcribing agency DLC
Modifying agency DLC
041 ## - LANGUAGE CODE
Language code of text/sound track or separate title eng
060 ## - NATIONAL LIBRARY OF MEDICINE CALL NUMBER
Classification number QZ 200 P957
080 ## - UNIVERSAL DECIMAL CLASSIFICATION NUMBER
Universal Decimal Classification number 618.92994 piz
082 00 - DEWEY DECIMAL CLASSIFICATION NUMBER
Classification number 618.92994 piz
Edition number 20
100 ## - Rafti
Rafti 8
101 ## - Shkurtesa
Shkurtesa ped
245 00 - TITLE STATEMENT
Title Principles and practice of pediatric oncology /
Statement of responsibility, etc edited by Philip A. Pizzo, David G. Poplack ; with 124 contributors.
504 ## - BIBLIOGRAPHY, ETC. NOTE
Bibliography, etc Includes bibliographical references and index.
906 ## - LOCAL DATA ELEMENT F, LDF (RLIN)
a 7
b cbc
c orignew
d 1
e ocip
f 19
g y-gencatlg
942 ## - ADDED ENTRY ELEMENTS (KOHA)
Source of classification or shelving scheme
Item type Books
Holdings
Withdrawn status Lost status Source of classification or shelving scheme Damaged status Not for loan Collection code Permanent location Current location Shelving location Date acquired Total Checkouts Full call number Barcode Date last seen Price effective from Koha item type
          Koleksioni i përgjithshem UBT - Lipjan UBT - Lipjan Koleksioni i përgjithshem 01/24/2018   618.92994 piz 002-2996518 01/24/2018 01/24/2018 Books
UBT Library © 2015-2024. All rights reserved University Education for Business and Technology